[Event "SRB-ch U14 Girls"]
[Site "Kragujevac"]
[Date "2019.05.04"]
[Round "8"]
[White "Savic, Dunja"]
[Black "Tasic, Sofija"]
[Result "0-1"]
[WhiteElo "1368"]
[BlackElo "1548"]
[PlyCount "72"]
[EventDate "2019.04.29"]
[EventType "swiss"]
[EventRounds "9"]
[EventCountry "SRB"]
[SourceTitle "EXT 2022"]
[Source "ChessBase"]
[SourceDate "2021.10.06"]
[SourceVersion "1"]
[SourceVersionDate "2021.10.06"]
[SourceQuality "1"]

1. e4 e5 2. Nf3 Nc6 3. Bc4 f5 4. d3 Nf6 5. Ng5 d5 6. exd5 Na5 7. Bb5+ c6 8. dxc6 bxc6 9. Ba4 Bd6 10. a3 h6 11. Nf3 0-0 12. 0-0 Qc7 13. h3 Nb7 14. Bb3+ Kh7 15. Nc3 Nd8 16. Nh4 g5 17. Nf3 Qg7 18. Re1 Nd7 19. d4 e4 20. Nh2 Nf7 21. g4 Nf6 22. f3 Bxh2+ 23. Kxh2 exf3 24. Qxf3 fxg4 25. hxg4 Bxg4 26. Qxc6 Bd7 27. Qg2 Ng4+ 28. Kh1 Qxd4 29. Qe4+ Qxe4+ 30. Nxe4 Bc6 31. Kg1 Nfe5 32. Nd2 Rf2 33. Rf1 Rg2+ 34. Kh1 Rxd2+ 35. Kg1 Rg2+ 36. Kh1 Rg3+ 0-1

[Event "SRB-ch U14 Girls"]
[Site "Kragujevac"]
[Date "2019.05.02"]
[Round "5"]
[White "Dinic, Andjela"]
[Black "Tasic, Sofija"]
[Result "1-0"]
[WhiteElo "1656"]
[BlackElo "1548"]
[PlyCount "71"]
[EventDate "2019.04.29"]
[EventType "swiss"]
[EventRounds "9"]
[EventCountry "SRB"]
[SourceTitle "EXT 2022"]
[Source "ChessBase"]
[SourceDate "2021.10.06"]
[SourceVersion "1"]
[SourceVersionDate "2021.10.06"]
[SourceQuality "1"]

1. e4 d5 2. exd5 Qxd5 3. Nc3 Qd6 4. g3 Nf6 5. Bg2 Nc6 6. Nge2 Bf5 7. 0-0 e6 8. d3 Be7 9. Re1 0-0 10. Bd2 Rad8 11. h3 b6 12. a3 Nd4 13. Nxd4 Qxd4 14. Be3 Qd7 15. Qf3 Nd5 16. Nxd5 Qxd5 17. Qxd5 exd5 18. Bxb6 Bxa3 19. Rxa3 axb6 20. Ra7 Rd7 21. g4 Bg6 22. Re5 Rfd8 23. Rxd5 f6 24. Rxd7 Rxd7 25. Bc6 Re7 26. Bd5+ Kf8 27. Ra8+ Be8 28. Bc6 g5 29. Bxe8 Rxe8 30. Rxe8+ Kxe8 31. Kg2 Ke7 32. Kf3 Ke6 33. Ke4 c6 34. b4 b5 35. c3 h6 36. f3 1-0

[Event "SRB-ch U14 Girls"]
[Site "Novi Sad"]
[Date "2018.04.07"]
[Round "8"]
[White "Tasic, Sofija"]
[Black "Micin, Mia"]
[Result "1-0"]
[WhiteElo "1407"]
[BlackElo "1581"]
[PlyCount "42"]
[EventDate "2018.04.02"]
[EventType "swiss"]
[EventRounds "9"]
[EventCountry "SRB"]
[SourceTitle "EXT 2019"]
[Source "ChessBase"]
[SourceDate "2018.10.10"]
[SourceVersion "1"]
[SourceVersionDate "2018.10.10"]
[SourceQuality "1"]

1. e4 c5 2. Nc3 Nc6 3. f4 e6 4. Nf3 d6 5. Bb5 Bd7 6. Bc4 a6 7. 0-0 Be7 8. a4 Bc8 9. d4 cxd4 10. Nxd4 Nxd4 11. Qxd4 Nf6 12. Qe3 0-0 13. Qg3 b6 14. f5 exf5 15. exf5 Re8 16. Bd5 Nxd5 17. Nxd5 Bb7 18. f6 Bf8 19. fxg7 Bxd5 20. gxf8Q+ Kxf8 21. Bh6+ Ke7 1-0

[Event "SRB-ch U14 Girls"]
[Site "Novi Sad"]
[Date "2018.04.06"]
[Round "6"]
[White "Tasic, Sofija"]
[Black "Carevic, Milica"]
[Result "0-1"]
[WhiteElo "1407"]
[BlackElo "1524"]
[PlyCount "56"]
[EventDate "2018.04.02"]
[EventType "swiss"]
[EventRounds "9"]
[EventCountry "SRB"]
[SourceTitle "EXT 2019"]
[Source "ChessBase"]
[SourceDate "2018.10.10"]
[SourceVersion "1"]
[SourceVersionDate "2018.10.10"]
[SourceQuality "1"]

1. e4 c5 2. Nc3 d6 3. f4 Nf6 4. Nf3 e6 5. d3 Be7 6. Be2 Nc6 7. 0-0 0-0 8. Qe1 Rb8 9. a4 a6 10. Be3 d5 11. e5 Nd7 12. Bf2 b5 13. axb5 axb5 14. d4 c4 15. Nd1 f6 16. c3 b4 17. b3 cxb3 18. Rb1 bxc3 19. Qxc3 Qb6 20. Qb2 Ba6 21. Bxa6 Qxa6 22. Nd2 Qa2 23. Ra1 Ra8 24. Nc3 Bb4 25. Rfc1 Ba3 26. Rc2 Nb4 27. Rxa2 Nxa2 28. Nxa2 Bxb2 0-1

[Event "SRB-ch U14 Girls"]
[Site "Novi Sad"]
[Date "2018.04.04"]
[Round "4"]
[White "Vukosavljevic, Tatjana"]
[Black "Tasic, Sofija"]
[Result "0-1"]
[WhiteElo "1614"]
[BlackElo "1407"]
[PlyCount "77"]
[EventDate "2018.04.02"]
[EventType "swiss"]
[EventRounds "9"]
[EventCountry "SRB"]
[SourceTitle "EXT 2019"]
[Source "ChessBase"]
[SourceDate "2018.10.10"]
[SourceVersion "1"]
[SourceVersionDate "2018.10.10"]
[SourceQuality "1"]

1. Nf3 d5 2. g3 c5 3. Bg2 Nf6 4. 0-0 Nc6 5. d3 Bf5 6. c4 d4 7. Nbd2 e5 8. Ng5 Be7 9. Nge4 Nxe4 10. Nxe4 0-0 11. a3 a5 12. Qb3 Ra6 13. Rb1 Bg6 14. Nd2 Qd7 15. Qb5 Qc7 16. Qa4 Nd8 17. Re1 Ne6 18. Ne4 h6 19. e3 Rd8 20. Qd1 Qd7 21. h4 b5 22. cxb5 Qxb5 23. Qc2 Rc8 24. Bf1 Rb6 25. Bd2 a4 26. Rec1 f5 27. exd4 exd4 28. Qd1 fxe4 29. dxe4 Qc6 30. Ba5 Bxe4 31. Bxb6 Bxb1 32. Bxc5 Bxc5 33. Rxb1 Rd8 34. Bc4 Kf8 35. Qe2 Rd6 36. Re1 Ke7 37. f4 d3+ 38. Qf2 Bxf2+ 39. Kxf2 0-1

[Event "SRB-ch U14 Girls"]
[Site "Novi Sad"]
[Date "2018.04.03"]
[Round "3"]
[White "Dinic, Andjela"]
[Black "Tasic, Sofija"]
[Result "1/2-1/2"]
[WhiteElo "1608"]
[BlackElo "1407"]
[PlyCount "68"]
[EventDate "2018.04.02"]
[EventType "swiss"]
[EventRounds "9"]
[EventCountry "SRB"]
[SourceTitle "EXT 2019"]
[Source "ChessBase"]
[SourceDate "2018.10.10"]
[SourceVersion "1"]
[SourceVersionDate "2018.10.10"]
[SourceQuality "1"]

1. d4 d6 2. Nf3 g6 3. Bf4 Bg7 4. e3 Nf6 5. Bd3 0-0 6. 0-0 c5 7. c3 Qb6 8. Qc2 Nc6 9. Nbd2 Be6 10. Rfe1 Rac8 11. Qb1 Nd5 12. Bg3 Nc7 13. Qc2 Rfd8 14. Ng5 Na5 15. f4 c4 16. Be2 d5 17. Bf3 f5 18. Rab1 Qd6 19. Qa4 Nc6 20. h4 b5 21. Qd1 h6 22. Nh3 Bf7 23. h5 Ne8 24. Kh2 Qe6 25. Qe2 Nf6 26. hxg6 Bxg6 27. Rh1 Ng4+ 28. Kg1 Qxe3+ 29. Qxe3 Nxe3 30. Re1 Ng4 31. Nf2 h5 32. Bh4 Re8 33. Nf1 Bf6 34. Ng3 Kf7 1/2-1/2

[Event "SRB-ch U14 Girls"]
[Site "Novi Sad"]
[Date "2018.04.03"]
[Round "2"]
[White "Tasic, Sofija"]
[Black "Djordjevic, Nevena"]
[Result "1/2-1/2"]
[WhiteElo "1407"]
[BlackElo "1673"]
[PlyCount "80"]
[EventDate "2018.04.02"]
[EventType "swiss"]
[EventRounds "9"]
[EventCountry "SRB"]
[SourceTitle "EXT 2019"]
[Source "ChessBase"]
[SourceDate "2018.10.10"]
[SourceVersion "1"]
[SourceVersionDate "2018.10.10"]
[SourceQuality "1"]

1. d4 d5 2. Nf3 Bf5 3. e3 Nf6 4. b3 e6 5. Bd3 Be4 6. 0-0 Be7 7. Bb2 0-0 8. Ne5 Nbd7 9. f4 c5 10. Nd2 Bxd3 11. Nxd3 Rc8 12. Nf3 c4 13. bxc4 dxc4 14. Nde5 Ne4 15. Nxd7 Qxd7 16. c3 b5 17. a3 a5 18. Qe1 Rb8 19. Nd2 Qd5 20. Nxe4 Qxe4 21. Rc1 Rfc8 22. Rf2 b4 23. axb4 axb4 24. cxb4 Bxb4 25. Bc3 Bxc3 26. Rxc3 Rb1 27. Rc1 Rcb8 28. Rf1 R8b2 29. Qg3 Rxc1 30. Rxc1 c3 31. Qf3 Qxf3 32. gxf3 Rb3 33. h4 h6 34. Kf2 Rb2+ 35. Kg3 c2 36. Kf2 Rb1 37. Rxc2 Rh1 38. Kg3 Re1 39. Kf2 Rh1 40. Kg3 Re1 1/2-1/2

[Event "SRB-ch U14 Girls"]
[Site "Novi Sad"]
[Date "2018.04.02"]
[Round "1"]
[White "Grozdanovic, Anastasia"]
[Black "Tasic, Sofija"]
[Result "0-1"]
[WhiteElo "1625"]
[BlackElo "1407"]
[PlyCount "84"]
[EventDate "2018.04.02"]
[EventType "swiss"]
[EventRounds "9"]
[EventCountry "SRB"]
[SourceTitle "EXT 2019"]
[Source "ChessBase"]
[SourceDate "2018.10.10"]
[SourceVersion "1"]
[SourceVersionDate "2018.10.10"]
[SourceQuality "1"]

1. d4 Nf6 2. c4 g6 3. Nc3 Bg7 4. Bf4 0-0 5. e3 d6 6. Nf3 Bf5 7. Bd3 Bxd3 8. Qxd3 Nbd7 9. Rd1 c5 10. d5 Qa5 11. 0-0 a6 12. e4 Qc7 13. Rfe1 Nh5 14. Bc1 Ne5 15. Nxe5 Bxe5 16. Rf1 f5 17. f4 fxe4 18. Qxe4 Nf6 19. Qf3 Bd4+ 20. Be3 Bxe3+ 21. Qxe3 Qd7 22. h3 Rae8 23. Rd2 e6 24. Qd3 e5 25. fxe5 Rxe5 26. Rdf2 Kg7 27. Qd2 Qe7 28. b3 b5 29. Kh1 b4 30. Rxf6 Rxf6 31. Rxf6 bxc3 32. Rxg6+ hxg6 33. Qxc3 Kf7 34. Qf3+ Rf5 35. Qd3 Qf6 36. Kg1 Qd4+ 37. Qxd4 cxd4 38. g4 Rf4 39. Kg2 Kf6 40. b4 d3 41. c5 d2 42. cxd6 d1Q 0-1